Trailer Park Boys characters by pictures - Statistics

General Stats
  • This quiz has been taken 171 times
  • The average score is 14 of 21
Answer Stats
Picture Answer % Correct
Bubbles
100%
Ricky
95%
Julian
94%
Jim Lahey
86%
Randy
85%
J-Roc
82%
Trevor
81%
Cory
78%
Cyrus
66%
Trinity
63%
Lucy
62%
Sam Losco
61%
Sarah
59%
Barbara Lahey
57%
Ray
57%
Phil Collins
54%
George Green
49%
Jacob
49%
Tyrone
43%
Ted Johnson
27%
DVS
24%
No matching quizzes found
Score Distribution
Percent of People with Each Score
Percentile by Number Answered
Your Score History
You have not taken this quiz